| 000 | 00827cam a2200289 i 4500 | ||
|---|---|---|---|
| 001 | 768714001 | ||
| 003 | CO-MdFUSB | ||
| 005 | 20240628074706.0 | ||
| 007 | ta | ||
| 008 | 240628t1989 -us||||| |||| 00| 0 spa d | ||
| 020 | _a0-8297-0380-2 | ||
| 040 | _cCO-MdFUSB | ||
| 041 | 0 | _aspa | |
| 082 | 0 | 4 |
_224 _a234.8 _bT5956f |
| 100 | 1 |
_aTippit, Samuel _eautor |
|
| 245 | 1 | 0 |
_aFuego en el corazón : _bUn llamado a la santidad personal _c/ Samuel Tippit ; traducido por Miguel A. Mesías E. |
| 264 | 1 |
_bVida, _aMiami, Florida, USA : _c[1989] |
|
| 264 | 4 | _c©1989 | |
| 300 | _a144 Pag | ||
| 336 |
_atexto _btxt _2rdacontent |
||
| 337 |
_2rdamedia _asin mediación _bn |
||
| 338 |
_2rdacarrier _avolumen _bnc |
||
| 500 | _aTítulo original : Fire in your heart | ||
| 653 | _aSantificación | ||
| 942 | _cBK | ||
| 945 | _aMiguel | ||
| 999 |
_c34957 _d34957 |
||